The Wisdom of Sheep and Other Animals (Record no. 3293)

MARC details
000 -LEADER
fixed length control field 00437nam a22001457a 4500
008 - FIXED-LENGTH DATA ELEMENTS--GENERAL INFORMATION
fixed length control field 250505b |||||||| |||| 00| 0 eng d
020 ## - INTERNATIONAL STANDARD BOOK NUMBER
ISBN 9780571368259
100 ## - MAIN ENTRY--AUTHOR
Author Young Rosamund
245 ## - TITLE STATEMENT
Title The Wisdom of Sheep and Other Animals
260 ## - PUBLICATION, DISTRIBUTION, ETC. (IMPRINT)
Place of publication London
Name of publisher Faber Publication
Date of publication 2023
300 ## - COLLATION
Pagination XI,259P.
650 ## - TRACINGS
Main Subject Women Famers - Great Britain - Biography
Subdivision (1st) Farmers - Great Britain - Biography
942 ## - ADDED ENTRY ELEMENTS (KOHA)
Item type Books
050 ## - LIBRARY OF CONGRESS CALL NUMBER
Classification number S417.R37
Item number Y68
Holdings
Source of classification or shelving scheme Not for loan Permanent location Current location Date acquired Accession No. Full call number Barcode. Koha item type
Library of Congress Classification   Samuel Ogbemudia Main Library, University of Abuja Samuel Ogbemudia Main Library, University of Abuja 05/05/2025 2024/63707 S417.R37,Y68 2025-1748 Books